Bāg̲h̲ o bahār; (Record no. 71360)

MARC details
000 -LEADER
fixed length control field 00905cam a22002651 4500
001 - CONTROL NUMBER
control field sa 66007714
003 - CONTROL NUMBER IDENTIFIER
control field DLC
005 - DATE AND TIME OF LATEST TRANSACTION
control field 20260227112307.0
008 - FIXED-LENGTH DATA ELEMENTS--GENERAL INFORMATION
fixed length control field 911112s1962 ii b 000 1 urdr
010 ## - LIBRARY OF CONGRESS CONTROL NUMBER
LC control number sa 66007714
025 ## - OVERSEAS ACQUISITION NUMBER
Overseas acquisition number PL480:I-U-481
035 ## - SYSTEM CONTROL NUMBER
System control number (OCoLC)24769313
040 ## - CATALOGING SOURCE
Original cataloging agency DLC
Transcribing agency WaU
Modifying agency WaU
-- DLC
042 ## - AUTHENTICATION CODE
Authentication code premarc
050 00 - LIBRARY OF CONGRESS CALL NUMBER
Classification number PK2198.A1
Item number B3 1962
245 00 - TITLE STATEMENT
Title Bāg̲h̲ o bahār;
Remainder of title yaʻnī, qiṣṣah-ʼi cahār darvīsh, maʻa muqaddamah va farhang.
Statement of responsibility, etc. muʼallafah-ʼi Mīr Amman Dihlavī. murattabah ʻAbdulḥaq.
260 ## - PUBLICATION, DISTRIBUTION, ETC.
Place of publication, distribution, etc. ʻAlīʹgaṛh,
Name of publisher, distributor, etc. Yunīvarsiṭī Pablisharz
Date of publication, distribution, etc. [1962?]
300 ## - PHYSICAL DESCRIPTION
Extent 223 p.
Dimensions 18 cm.
500 ## - GENERAL NOTE
General note In Urdu.
504 ## - BIBLIOGRAPHY, ETC. NOTE
Bibliography, etc. note Bibliographical footnotes.
650 #0 - SUBJECT ADDED ENTRY--TOPICAL TERM
Topical term or geographic name entry element Urdu language
General subdivision Readers.
700 0# - ADDED ENTRY--PERSONAL NAME
Personal name Amīr Khusraw Dihlavī,
Dates associated with a name approximately 1253-1325.
700 0# - ADDED ENTRY--PERSONAL NAME
Personal name Mīr Amman Dihlavī,
Dates associated with a name active 1801-1806.
700 0# - ADDED ENTRY--PERSONAL NAME
Personal name ʻAbdulḥaq,
Dates associated with a name 1869-1961.

No items available.

Powered by Koha